|
|
|
|
| LEADER |
00000nab a2200000uu 4500 |
| 001 |
vtls011431441 |
| 003 |
SK-MaSNL |
| 005 |
20260303164441.0 |
| 008 |
230313|1973 xo |||||||||||||||||slo| |
| 015 |
|
|
|a SNBRB
|
| 035 |
|
|
|a (urnnbn)urn:nbn:sk:snk:ar-000h9d
|
| 035 |
|
|
|a (uuid)7f641e8d-f5fb-4123-ba80-872a70545b9a
|
| 035 |
|
|
|a urn:nbn:sk:snk-abc7yw
|
| 040 |
|
|
|a SNKBUCL
|b slo
|c SNKBUCL
|e AACR2
|
| 041 |
0 |
|
|a slo
|
| 044 |
|
|
|a xo
|c SK
|
| 100 |
1 |
|
|a Genzor, Jozef,
|d 1939-2019
|4 aut
|9 100096
|
| 245 |
1 |
0 |
|a Hľadanie v africkom buši
|c Jozef Genzor
|
| 773 |
0 |
|
|t Romboid
|g Roč. 8, č. 6 (1973), s. 73-74
|
| 958 |
|
|
|a OND
|
| 958 |
|
|
|a EUIPO
|
| 958 |
|
|
|a article16
|
| 999 |
|
|
|c 2065331
|d 2067261
|